al-Naskh fi al-sunnah al-nabawiyah : dirasat al-ara' al-mu`asirah hawl al-tawfiq bayn zahir al-nusus wa-i`mal al-maqasid / Abdulkadir Usman Ismail
النسخ في السنة النبوية : دراسة الآراء المعاصرة حول التوفيق بين ظاهر النصوص واعمال المقاصد /
Saved in:
| Main Author: | |
|---|---|
| Format: | Thesis Book |
| Language: | Arabic |
| Published: |
2013
|
| Subjects: | |
| Tags: |
Add Tag
No Tags, Be the first to tag this record!
|
| LEADER | 01969cam a2200385 a 4500 | ||
|---|---|---|---|
| 001 | u987765 | ||
| 003 | SIRSI | ||
| 005 | 201401201620 | ||
| 008 | 140120s2013 my a t 000 0 ara m | ||
| 040 | |a UMA |d UMM | ||
| 066 | |c (3 | ||
| 090 | |a BP42 |b A2 UMP 2013 Ism | ||
| 094 | |a BP42 |b A2 UMP 2013 Ism | ||
| 100 | 1 | |6 880-01 |a Ismail, Abdulkadir Usman | |
| 245 | 1 | 3 | |6 880-02 |a al-Naskh fi al-sunnah al-nabawiyah : |b dirasat al-ara' al-mu`asirah hawl al-tawfiq bayn zahir al-nusus wa-i`mal al-maqasid / Abdulkadir Usman Ismail |
| 246 | 1 | 4 | |a The abrogation in hadith : |b a study on contemporary scholars view in convergence of the text and the realization of the maqasid (shari'a objectives). |
| 264 | 1 | |c 2013 | |
| 264 | 4 | |c 2013 | |
| 300 | |a 352 leaves : |b illustration. ; |c 30 cm. | ||
| 336 | |a text |2 rdacontent | ||
| 337 | |a unmediated |2 rdamedia | ||
| 338 | |a volume |2 rdacarrier | ||
| 500 | |a AIUM. | ||
| 500 | |a Diselia oleh Dr Faisal Ahmad Shah. | ||
| 502 | |b Ph.D. |c Jabatan Al-Quran dan Al-Hadith, Akademi Pengajian Islam, Universiti Malaya, |d 2013. | ||
| 504 | |a Bibliography: leaves 336-352. | ||
| 650 | 0 | |a Hadith |x Abrogator and abrogated Hadith. | |
| 710 | 2 | |a Universiti Malaya. |b Jabatan Al-Quran dan Al-Hadith. |e degree granting institution. | |
| 880 | 1 | |6 100-01/(3/r |a اسماعيل, عبد القادر عثمان. | |
| 880 | 1 | 3 | |6 245-02/(3/r |a النسخ في السنة النبوية : |b دراسة الآراء المعاصرة حول التوفيق بين ظاهر النصوص واعمال المقاصد / |c عبد القادر عثمان اسماعيل. |
| 900 | |a HH | ||
| 596 | |a 1 12 18 | ||
| 999 | |a BP42 A2 UMP 2013 ISM |w LC |c 1 |i A514685247 |l RESERVES |m P18ISLPURI |r Y |s Y |t TESIS |u 21/1/2014 | ||
| 999 | |a BP42 A2 UMP 2013 ISM |w LC |c 1 |i A515782846 |d 19/12/2019 |e 19/12/2019 |f 14/2/2014 |g 1 |l STACKS |m P12ISLAMKL |n 2 |r Y |s Y |t TESIS |u 14/2/2014 | ||
| 999 | |a BP42 A2 UMP 2013 ISM |w LC |c 1 |i A515870214 |d 18/12/2014 |f 18/12/2014 |g 1 |l STACKS |m P01UTAMA |r Y |s Y |t TESIS |u 17/12/2014 | ||
